000 00934nmc a2200301 a 4500
003 AR-BaBNM
005 20251128210330.0
008 069119s1995 ||||||||||||||000 | spa||
020 _a84-7506-426-4
040 _cAR-BaBNM
100 1 _aAlas, Leopoldo
245 1 0 _aObras completas de Leopoldo Alas "Clarín"
_bPipá ; Doña Berta ; Cuervo ; Superchería ; El señor y lo demás, son cuentos ; Cuentos morales ; El gallo de Sócrates
_n2 ;
260 _aMadrid
_bTurner Libros
_c1995
300 1 _axl, 915 p.
490 0 _aBiblioteca Castro
_vv. 11
650 4 _aLITERATURA ESPANOLA
650 4 _aSIGLO DIECINUEVE
650 4 _aESCRITORES
650 4 _aANTOLOGIAS
650 4 _aFILOSOFIA LITERARIA
653 _aNARRATIVA
653 _aINFLUENCIA CLASICA
655 _aLITERATURA
700 1 _aSanz Villanueva, Santos
_eprologuista
800 1 _aArroyo Stephens, Manuel
_eeditor
942 _cBK
998 _cMARTIN
999 _c14999
_d14999